| 000 -LEADER |
| fixed length control field |
01609pab a2200157 454500 |
| 008 - FIXED-LENGTH DATA ELEMENTS--GENERAL INFORMATION |
| fixed length control field |
180718b1999 xxu||||| |||| 00| 0 eng d |
| 100 ## - MAIN ENTRY--PERSONAL NAME |
| Personal name |
Caiden, Gerald E. |
| 245 ## - TITLE STATEMENT |
| Title |
Administrative reform - proceed with caution |
| 260 ## - PUBLICATION, DISTRIBUTION, ETC. |
| Date of publication, distribution, etc. |
1999 |
| 300 ## - PHYSICAL DESCRIPTION |
| Extent |
p.815-32 |
| 362 ## - DATES OF PUBLICATION AND/OR SEQUENTIAL DESIGNATION |
| Dates of publication and/or sequential designation |
Jun |
| 520 ## - SUMMARY, ETC. |
| Summary, etc. |
The past decade has seen an acceleration in administrative reform. All around the world, the administrative state is being reexamined and reshaped. As a result, government is being transformed and reinvented, bureaucrataic centralism is being abandoned, the welfare state is being downsized, the public sector is being reduced, public organizations are being reengineered, and public management is being reinvigorated. This all sounds familiar. Governments have promised as much before but they have too often failed to improve their performance simply because many reforms have proved disappointing. Reforms have failed to make any significant impact; they have gone wrong; they have been overtaken by events. The reformers have been too optimistic and often unrealistic; they have fallen into the many traps of implementation. Magical keys to reform success are few and far between. Reforms need strong political backing, mass support, and competent inside facilitation. Reformers need to take their time and accept what they can achieve even if the results fall short of their intentions. Above all, they must not give up when the going gets tough; persistence will eventually succeed. - Reproduced |
| 650 ## - SUBJECT ADDED ENTRY--TOPICAL TERM |
| Topical term or geographic name entry element |
Administrative reform |
| 773 ## - HOST ITEM ENTRY |
| Main entry heading |
International Journal of Public Administration |
| 909 ## - |
| -- |
41156 |